| Tag |
First Indicator |
Second Indicator |
Subfields |
| LEADER |
00000cam a2200000 a 4500 |
| 001 |
in00002783044 |
| 005 |
20211120170441.0 |
| 006 |
m d f |
| 007 |
cr bn||||||||| |
| 008 |
121102s1989 caua obt f000 0 eng c |
| 035 |
|
|
|a (OCoLC)ocn815785380
|
| 040 |
|
|
|a GPO
|c GPO
|d MvI
|d UtOrBLW
|
| 042 |
|
|
|a pcc
|
| 049 |
|
|
|a WWW
|
| 074 |
|
|
|a 0830-H-14 (online)
|
| 086 |
0 |
|
|a NAS 1.26:185490
|
| 100 |
1 |
|
|a Marraffa, Andrew M.
|
| 245 |
1 |
0 |
|a Design of an active helicopter control experiment at the Princeton Rotorcraft Dynamics Laboratory :
|b interim report covering the period January 1988-May 1989 /
|c Andrew M. Marraffa, R. M. McKillip, Jr.
|
| 264 |
|
1 |
|a [Moffett Field, Calif.] :
|b NASA Ames Research Center,
|c [1989]
|
| 300 |
|
|
|a 1 online resource (ix, 93 pages, 3 unnumbered pages) :
|b illustrations
|
| 336 |
|
|
|a text
|b txt
|2 rdacontent
|
| 337 |
|
|
|a computer
|b c
|2 rdamedia
|
| 338 |
|
|
|a online resource
|b cr
|2 rdacarrier
|
| 490 |
1 |
|
|a NASA contractor report ;
|v NASA-CR-185490]
|
| 490 |
0 |
|
|a Technical report ;
|v no. 1861T
|
| 500 |
|
|
|a Title from title screen (viewed Nov. 2, 2012).
|
| 500 |
|
|
|a "May 1989."
|
| 504 |
|
|
|a Includes bibliographical references (pages 91-92).
|
| 513 |
|
|
|a Interim report;
|b January 1988-May 1989.
|
| 536 |
|
|
|a NASA Ames Research Center grant no.
|c NAG 2-415
|
| 500 |
|
|
|a Electronic resource.
|
| 650 |
|
7 |
|a Active control.
|2 nasat
|
| 650 |
|
7 |
|a Control systems design.
|2 nasat
|
| 650 |
|
7 |
|a Helicopter control.
|2 nasat
|
| 650 |
|
7 |
|a Rotary wings.
|2 nasat
|
| 650 |
|
7 |
|a Structural vibration.
|2 nasat
|
| 650 |
|
7 |
|a Vibration damping.
|2 nasat
|
| 700 |
1 |
|
|a McKillip, R. M.
|q (Robert Miller)
|
| 710 |
2 |
|
|a Princeton University.
|b Department of Mechanical and Aerospace Engineering.
|
| 710 |
2 |
|
|a Ames Research Center.
|
| 776 |
0 |
8 |
|a p.
|
| 776 |
0 |
8 |
|i Microfiche:
|a Marraffa, Andrew M.
|t Design of an active helicopter control experiment at the Princeton Rotorcraft Dynamics Laboratory
|w (OCoLC)25321437
|
| 830 |
|
0 |
|a NASA contractor report ;
|v NASA CR-185490.
|
| 856 |
4 |
0 |
|u https://purl.fdlp.gov/GPO/gpo30646
|t 0
|
| 999 |
|
|
|a MARS
|
| 999 |
f |
f |
|s 9563f13f-9ec2-389d-98d8-c083a9184ffe
|i 07ac55f5-5da9-305c-b5d8-71d6071196fd
|t 0
|
| 952 |
f |
f |
|a Texas A&M University
|b College Station
|c Electronic Resources
|d Available Online
|t 0
|e NAS 1.26:185490
|h Superintendent of Documents classification
|
| 998 |
f |
f |
|a NAS 1.26:185490
|t 0
|l Available Online
|